Central Library OPAC University of Rajshahi

হল পরিচিতি / (Record no. 77623)

MARC details
000 -LEADER
fixed length control field 01156nam a22002657a 4500
001 - CONTROL NUMBER
control field 77623
003 - CONTROL NUMBER IDENTIFIER
rucl marc code BD-RjUL
005 - DATE AND TIME OF LATEST TRANSACTION
control field 20211209083013.0
008 - FIXED-LENGTH DATA ELEMENTS--GENERAL INFORMATION
fixed length control field 201210s2020 bg a|||| |||| 00| 0 ben d
035 ## - SYSTEM CONTROL NUMBER
System control number (BD-RjUL)77849
040 ## - CATALOGING SOURCE
Original cataloging agency BD-RjUL
Language of cataloging eng
Transcribing agency BD-RjUL
041 ## - LANGUAGE CODE
Language code of text/sound track or separate title eng
082 ## - DEWEY DECIMAL CLASSIFICATION NUMBER
Edition number 23
Classification number 378.198
Author mark and year HAL 2020
245 10 - TITLE STATEMENT
Title হল পরিচিতি /
Statement of responsibility, etc. সম্পাদক, আনন্দ কুমার সাহা; সহযোগী সম্পাদক মো. বনি আদম
260 ## - PUBLICATION, DISTRIBUTION, ETC. (IMPRINT)
Place of publication, distribution, etc. রাজশাহী :
Name of publisher, distributor, etc. রাজশাহী বিশ্ববিদ্যালয়,
Date of publication, distribution, etc. ২০২০
300 ## - PHYSICAL DESCRIPTION
Pagination ৭৯ পৃ.:
Illustrations চিত্র;
Size ২৫ সেমি.
650 ## - SUBJECT ADDED ENTRY--TOPICAL TERM
Topical term or geographic name as entry element হল (ছাত্র/ছাত্রি আবাসন )
9 (RLIN) 242489
Topical term or geographic name as entry element Hall (Student Accommodation)
9 (RLIN) 242497
Topical term or geographic name as entry element Student housing
9 (RLIN) 242500
Topical term or geographic name as entry element আবাসিক সহায়ক (ডরমেটরিজ)
9 (RLIN) 242490
Topical term or geographic name as entry element Resident assistants (Dormitories)
9 (RLIN) 242491
700 ## - ADDED ENTRY--PERSONAL NAME
Personal name সাহা, আনন্দ কুমার
Personal name আদম, মো. বনি
942 ## - ADDED ENTRY ELEMENTS (KOHA)
Source of classification or shelving scheme Dewey Decimal Classification
Koha item type Books
Holdings
Lost status Source of classification or shelving scheme Damaged status Not for loan Collection code Permanent Location Current Location Shelving location Date acquired Source of acquisition Cost, normal purchase price Total Checkouts Full call number Date last seen Copy number Koha item type
  Dewey Decimal Classification     Non-fiction Central Library, University of Rajshahi Central Library, University of Rajshahi   01/09/2020 Author 100.00   B 378.198 HAL 2020 10/12/2020 C-2 Books
  Dewey Decimal Classification   Not For Loan Non-fiction Central Library, University of Rajshahi Central Library, University of Rajshahi Reading Room 01/09/2020 Author 100.00   B 378.198 HAL 2020 10/12/2020 C-1 Books